<?xml version="1.0" encoding="UTF-8"?><?xml-stylesheet type="text/xsl" href="static/style.xsl"?><OAI-PMH xmlns="http://www.openarchives.org/OAI/2.0/" xmlns:xsi="http://www.w3.org/2001/XMLSchema-instance" xsi:schemaLocation="http://www.openarchives.org/OAI/2.0/ http://www.openarchives.org/OAI/2.0/OAI-PMH.xsd"><responseDate>2026-04-13T02:02:10Z</responseDate><request verb="GetRecord" identifier="oai:www.recercat.cat:2117/102434" metadataPrefix="marc">https://recercat.cat/oai/request</request><GetRecord><record><header><identifier>oai:recercat.cat:2117/102434</identifier><datestamp>2025-07-17T12:12:12Z</datestamp><setSpec>com_2072_1033</setSpec><setSpec>col_2072_452950</setSpec></header><metadata><record xmlns="http://www.loc.gov/MARC21/slim" xmlns:dcterms="http://purl.org/dc/terms/" xmlns:xsi="http://www.w3.org/2001/XMLSchema-instance" xmlns:doc="http://www.lyncode.com/xoai" xsi:schemaLocation="http://www.loc.gov/MARC21/slim http://www.loc.gov/standards/marcxml/schema/MARC21slim.xsd">
   <leader>00925njm 22002777a 4500</leader>
   <datafield ind2=" " ind1=" " tag="042">
      <subfield code="a">dc</subfield>
   </datafield>
   <datafield ind2=" " ind1=" " tag="720">
      <subfield code="a">Santos Rodríguez, Cristian de</subfield>
      <subfield code="e">author</subfield>
   </datafield>
   <datafield ind2=" " ind1=" " tag="720">
      <subfield code="a">Ledesma Villalba, Alberto</subfield>
      <subfield code="e">author</subfield>
   </datafield>
   <datafield ind2=" " ind1=" " tag="720">
      <subfield code="a">Gens Solé, Antonio</subfield>
      <subfield code="e">author</subfield>
   </datafield>
   <datafield ind2=" " ind1=" " tag="260">
      <subfield code="c">2016</subfield>
   </datafield>
   <datafield ind2=" " ind1=" " tag="520">
      <subfield code="a">Este artículo muestra el potencial de los análisis retrospectivos como herramienta de control en problemas de Ingeniería Geotécnica y en particular en el control de precargas. La precarga es un método tradicional de mejora del terreno y su control se suele realizar mediante medidas de asientos y de presiones de agua a lo largo del tiempo. El artículo describe una nueva metodología que permite realizar análisis retrospectivos de forma sistemática, usando el método de los elementos finitos como herramienta de cálculo y algoritmos genéticos como método de optimización. A partir de las medidas&#xd;
de cálculo a tiempos determinados, es posible mediante “backanalysis” obtener los parámetros del modelo que mejor ajustan medidas y predicciones. Realizando este análisis de forma sistemática es posible controlar de manera continuada la evolución de la precarga, obteniendo información de los parámetros del modelo y su evolución conforme se acumulan más medidas. Se presenta en primer lugar un ejemplo sintético sencillo, basado en un estrato de arcilla sometido a una precarga. Se utiliza el programa Plaxis y el modelo Cam-clay modificado y se estudia la función objetivo, que depende de las diferencias entre variables medidas (desplazamientos y presiones de agua) y variables calculadas. En ese caso se consideran dos parámetros básicos: la deformabilidad de la arcilla (índice de compresión) y su permeabilidad. Se observa que las medidas de desplazamientos a tiempos conocidos proporcionan suficiente información para identificar los dos parámetros indicados. La incorporación de más medidas a tiempos posteriores permite mejorar la identificación de los parámetros y seguir la evolución de la precarga. Finalmente, se aplica la metodología a un caso real, bien documentado, consistente en una precarga realizada para mejorar el terreno de localización de la estación depuradora del “Baix Llobregat”, al sur de Barcelona, en suelos correspondientes al delta del río Llobregat.</subfield>
   </datafield>
   <datafield ind2=" " ind1=" " tag="520">
      <subfield code="a">Postprint (published version)</subfield>
   </datafield>
   <datafield tag="653" ind2=" " ind1=" ">
      <subfield code="a">Àrees temàtiques de la UPC::Enginyeria civil::Geotècnia</subfield>
   </datafield>
   <datafield tag="653" ind2=" " ind1=" ">
      <subfield code="a">Geotechnical engineering</subfield>
   </datafield>
   <datafield tag="653" ind2=" " ind1=" ">
      <subfield code="a">Análisis retrospectivo</subfield>
   </datafield>
   <datafield tag="653" ind2=" " ind1=" ">
      <subfield code="a">Precarga</subfield>
   </datafield>
   <datafield tag="653" ind2=" " ind1=" ">
      <subfield code="a">Identificación de parámetros</subfield>
   </datafield>
   <datafield tag="653" ind2=" " ind1=" ">
      <subfield code="a">Enginyeria geotècnica</subfield>
   </datafield>
   <datafield ind2="0" ind1="0" tag="245">
      <subfield code="a">Análisis retrospectivos en problemas geotécnicos: aplicación al control de precargas</subfield>
   </datafield>
</record></metadata></record></GetRecord></OAI-PMH>